000 00547nam a22001937a 4500
005 20251108164215.0
008 250721s1959 xx 000 0 ara d
082 1 4 _a211.7/قطب
100 1 _aقطب، سيد
245 1 0 _aالتصوير الفني في القرآن /
264 1 _aمصر :
_bدار المعارف،
_c1959.
300 _a203ص.
650 1 7 _aالقرآن الكريم
650 1 7 _aألفاظ القرآن
650 1 7 _aمعاني القرآن
650 1 7 _aأحكام القرآن
942 _2ddc
_cBK
999 _c6352
_d6352